[Event "It"]
[Site "masterchessopen.com – Los Angeles (USA)"]
[Round "0"]
[White "Petrosian Tigran V (ARM)"]
[Black "Benko Pal C (USA)"]
[Result "1-0"]
[WhiteElo "2580"]
[BlackElo "2408"]

1.d4 Nf6 2.c4 g6 3.Nc3 d5 4.Qb3 dxc4 5.Qxc4 Be6 6.Qb5+ Nc6 7.Nf3 Nd5 8.e4 Nb4
9.Qa4 Bd7 10.Qd1 e5 11.a3 exd4 12.Nb1 Na6 13.b4 Naxb4 14.axb4 Bxb4+ 15.Bd2 Qe7
16.Bd3 Bxd2+ 17.Nbxd2 Nb4 18.Qe2 c5 19.O-O O-O 20.e5 Kg7 21.Ne4 Bc6 22.h4 a6
23.Rfc1 b6 24.h5 Rad8 25.Qd2 h6 26.Re1 b5 27.Nd6 Bxf3 28.gxf3 Qg5+ 29.Qxg5
hxg5 30.Be4 gxh5 31.Rec1 f6 32.Nf5+ Kf7 33.Rxc5 fxe5 34.Rb1 Na2 35.Rc7+ Kf6
36.Ra7 Nc3 37.Rxa6+ Kf7 38.Rba1 g4 39.Bc2 gxf3 40.Bb3+ Nd5 41.Re1 Rg8+ 42.Kf1
Rg5 43.Bxd5+ {#r} 1-0

[Event "Tournament"]
[Site "masterchessopen.com – Ilford (England)"]
[Round "5"]
[White "Clarke Peter H (ENG)"]
[Black "Littlewood Norman"]
[Result "1-0"]
[WhiteElo "2300"]
[BlackElo "2328"]

1.c4 Nf6 2.Nc3 g6 3.d4 d5 4.Qb3 dxc4 5.Qxc4 Be6 6.Qd3 Bg7 7.e4 O-O 8.Nf3 c6
9.Be2 b5 10.Qc2 a5 11.O-O Na6 12.Bf4 Nh5 13.Be3 Bg4 14.Rad1 Qb8 15.h3 Bc8
16.Qc1 Ra7 17.Nh2 Rd7 18.Bxh5 gxh5 19.Nf3 Kh8 20.Bf4 Qb6 21.Bh6 Rg8 22.Ng5 e5
23.Bxg7+ Rxg7 24.dxe5 Qd8 25.f4 Qg8 26.Rxd7 Bxd7 27.Qd2 Nc5 28.Qd6 b4 29.Qxc5
bxc3 30.Qxc3 h6 31.e6 fxe6 32.Nf3 e5 33.Qxe5 Bxh3 34.Rf2 Kh7 35.Ne1 Qxa2
36.Kh2 {#r} 1-0

[Event "Ch Great Britain"]
[Site "masterchessopen.com – Rhyl (England)"]
[Round "4"]
[White "Hempson Peter W (ENG)"]
[Black "Littlewood John E (ENG)"]
[Result "0-1"]
[WhiteElo "2085"]
[BlackElo "2137"]

1.d4 Nf6 2.c4 g6 3.Nc3 d5 4.Qb3 dxc4 5.Qxc4 Be6 6.Qd3 c5 7.dxc5 Nbd7 8.Be3 Bg7
9.Bd4 O-O 10.e3 Qc7 11.Qb5 Bf5 12.Bxf6 Nxf6 13.Rc1 Rfc8 14.b4 a5 15.a3 axb4
16.axb4 Ng4 17.Qc4 Be6 18.Qd3 Rd8 19.Qc2 Qe5 20.Nge2 Nxe3 21.Qe4 Ra1 22.Qxe3
Qxe3 23.fxe3 Bxc3+ 24.Kf2 Rxc1 25.Nxc1 Rd1 26.Nb3 Bxb3 {#R} 0-1

[Event "Ch Great Britain"]
[Site "masterchessopen.com – Coventry (England)"]
[Round "4"]
[White "Griffiths Paul (ENG)"]
[Black "Littlewood John E (ENG)"]
[Result "0-1"]
[WhiteElo "2196"]
[BlackElo "2137"]

1.d4 Nf6 2.c4 g6 3.Nc3 d5 4.Qb3 dxc4 5.Qxc4 Be6 6.Qd3 c5 7.Nf3 Bg7 8.e4 cxd4
9.Nxd4 Bd7 10.e5 Ng4 11.f4 Qb6 12.h3 Nc6 13.Ncb5 Nh6 14.Be3 Qd8 15.Be2 O-O
16.O-O Nf5 17.Nxf5 Bxf5 18.Qa3 a6 19.Rfd1 Qc8 20.Nd4 Nxd4 21.Rxd4 g5 22.Qxe7
gxf4 23.Bxf4 Re8 24.Qd6 Qc2 25.Bd3 Bxd3 26.Rxd3 Qxb2 27.Re1 Re6 28.Qc7 Rae8
29.Rd7 Bxe5 30.Rxe5 Rxe5 31.Rxf7 Re2 32.Qxb7 Rxg2+ {#R} 0-1

[Event "It (b)"]
[Site "masterchessopen.com – Wijk aan Zee (Netherlands)"]
[Round "0"]
[White "Forintos Gyozo V (HUN)"]
[Black "Adorjan Andras (HUN)"]
[Result "0-1"]
[WhiteElo "2485"]
[BlackElo "2465"]

1.d4 Nf6 2.c4 g6 3.Nc3 d5 4.Qb3 dxc4 5.Qxc4 Be6 6.Qb5+ Bd7 7.Qb3 Nc6 8.Nf3 Bg7
9.e4 O-O 10.h3 Rb8 11.Be3 b5 12.Qc2 b4 13.Nd1 b3 14.axb3 Nb4 15.Qc1 Nxe4
16.Rxa7 c5 17.dxc5 Be6 18.Ra3 Qd3 19.Bxd3 Nxd3+ 20.Ke2 Nxc1+ 21.Bxc1 Nxc5
22.Bf4 Rb4 23.Bd2 Re4+ 24.Be3 Nxb3 25.Ng5 Bc4+ 26.Kf3 Re5 27.Nc3 f6 28.Nge4 f5
29.Nd2 Rxe3+ 30.fxe3 Nxd2+ 31.Kf2 Rb8 32.Rc1 Rxb2 33.Nd1 Ne4+ 34.Kg1 Rd2 35.g4
Be2 36.Nf2 Nxf2 37.Kxf2 Bxg4+ 38.Ke1 Re2+ 39.Kf1 Bh5 40.Re1 Rh2 41.Kg1 Rxh3
42.Kg2 Rh4 {#R} 0-1

[Event "It (cat.10)"]
[Site "masterchessopen.com – Amsterdam (Netherlands)"]
[Round "0"]
[White "Ree Hans (NED)"]
[Black "Malich Burkhard Dr (GER)"]
[Result "1-0"]
[WhiteElo "2480"]
[BlackElo "2490"]

1.d4 Nf6 2.c4 g6 3.Nc3 d5 4.Qb3 c6 5.cxd5 cxd5 6.Bf4 Bg7 7.Nf3 O-O 8.e3 Nc6
9.Be2 Na5 10.Qb4 Nc6 11.Qa3 Nh5 12.Bg5 h6 13.Bh4 g5 14.Bg3 Nxg3 15.hxg3 e6
16.g4 a6 17.O-O h5 18.gxh5 g4 19.Nh2 f5 20.f4 Qh4 21.Rfd1 Rf6 22.Bb5 Bf8
23.Qa4 Bd7 24.Ne2 Rc8 25.Bxc6 Bxc6 26.Qc2 Rh6 27.Nf1 Bb5 28.Qxc8 Bxe2 29.Re1
Bxf1 30.Kxf1 Qh1+ 31.Kf2 Qxh5 32.Ke2 g3+ 33.Kd3 Qf7 34.Rh1 Rxh1 35.Rxh1 b5
36.Rc1 Kg7 37.Qc7 Be7 38.Qe5+ Bf6 39.Qc7 Be7 40.Rc6 Kf6 41.Qe5+ {#r} 1-0

[Event "Zt"]
[Site "masterchessopen.com – Sao Paulo (Brazil)"]
[Round "17"]
[White "Rubinetti Jorge (ARG)"]
[Black "Gamarra Caceres Carlos (PAR)"]
[Result "1-0"]
[WhiteElo "2410"]
[BlackElo "2233"]

1.d4 Nf6 2.c4 g6 3.Nc3 d5 4.Qb3 dxc4 5.Qxc4 Bg7 6.e4 O-O 7.Be2 Nfd7 8.Be3 Nb6
9.Qc5 N8d7 10.Qa3 Nf6 11.h3 c6 12.Nf3 Be6 13.b3 h6 14.O-O Qd7 15.Rfd1 Rfd8
16.Rac1 Qe8 17.Qb4 Bc8 18.Qa5 Nbd7 19.d5 cxd5 20.exd5 b6 21.Qa3 Bb7 22.Nb5 Qf8
23.Nc7 Rab8 24.Qxa7 Ne4 25.Nd4 Nd6 26.Qa3 Nf6 27.Nc6 Ra8 28.Nxa8 Rxa8 29.Qb4
Rxa2 30.Bf3 Nd7 31.Bd4 e5 32.dxe6 fxe6 33.Bxg7 {#r} 1-0

[Event "It"]
[Site "masterchessopen.com – Sukhumi (Georgia)"]
[Date "1972.08.27"]
[Round "9"]
[White "Ree Hans (NED)"]
[Black "Mukhin Mikhail (RUS)"]
[Result "0-1"]
[WhiteElo "2480"]
[BlackElo "2420"]

1.d4 Nf6 2.c4 g6 3.Nc3 d5 4.Qb3 c6 5.cxd5 cxd5 6.Nf3 Nc6 7.Bg5 e6 8.h3 Bg7
9.e3 O-O 10.Be2 h6 11.Bf4 Ne4 12.g4 b6 13.Rc1 Bb7 14.O-O Qe7 15.Bd3 Rfc8
16.Qa4 Na5 17.Nb5 a6 18.Nc7 Ra7 19.Nxa6 Nc4 20.Qb4 Bxa6 21.Qxe7 Rxe7 22.b3
Ncd2 23.Nxd2 Rxc1 24.Bxa6 Rxf1+ 25.Nxf1 Ra7 {#R} 0-1

[Event "It \"]
[Site "masterchessopen.com – Warsaw (Poland)"]
[Round "8"]
[White "Daniluk Jerzy (POL)"]
[Black "Myslowski Karol"]
[Result "1-0"]
[WhiteElo "2100"]
[BlackElo "1930"]

1.d4 Nf6 2.c4 g6 3.Nc3 d5 4.Qb3 e6 5.Bg5 c6 6.Nf3 Bg7 7.e3 O-O 8.Be2 Nbd7
9.O-O Qb6 10.c5 Qxb3 11.axb3 e5 12.Nxe5 Nxe5 13.dxe5 Nd7 14.f4 f6 15.exf6 Nxf6
16.Bxf6 Bxf6 17.Rfd1 Re8 18.Kf2 Bf5 19.Rd2 Re7 20.g4 Bd7 21.b4 a6 22.b5 Bxc3
23.bxc3 cxb5 24.Bf3 Be6 25.Bxd5 Bxd5 26.Rxd5 Rc8 27.Rad1 Kf7 28.Kf3 Rec7 29.f5
gxf5 30.gxf5 Rxc5 31.Kf4 Rxc3 32.Rd7+ Kf8 33.Rxh7 R3c7 34.Rdd7 Rxd7 35.Rxd7
Rb8 36.e4 b4 37.e5 b3 38.Rd3 b5 39.Rxb3 b4 40.f6 a5 41.Rh3 Kg8 42.e6 b3 43.f7+
Kg7 44.Rg3+ Kf6 45.Rg8 Rf8 46.Rxf8 Kxe6 47.Rb8 {#r} 1-0

[Event "Bundesliga 1981/82"]
[Site "masterchessopen.com – Germany"]
[Round "0"]
[White "Louis Peter"]
[Black "Hoerstmann Martin (GER)"]
[Result "1-0"]
[WhiteElo "2075"]
[BlackElo "2321"]

1.d4 Nf6 2.c4 g6 3.Nc3 d5 4.Qb3 dxc4 5.Qxc4 Be6 6.Qd3 Bg7 7.e4 c6 8.Nf3 h6
9.Be2 Nbd7 10.O-O Nb6 11.b3 O-O 12.Nh4 g5 13.Nf3 Nfd7 14.Bxg5 hxg5 15.Nxg5 Re8
16.Nxe6 fxe6 17.e5 c5 18.Ne4 cxd4 19.Ng5 Nf8 20.Qf3 Qd5 21.Qf7+ Kh8 22.f4 d3
23.Bg4 d2 24.Qh5+ Kg8 25.Qf7+ Kh8 26.Kh1 Qd3 27.Qh5+ Kg8 28.Qf7+ Kh8 29.Qh5+
Kg8 30.Rad1 Qc2 31.Qf7+ Kh8 32.Qh5+ Kg8 33.Nxe6 Red8 34.Bf5 Qc6 35.Qg4 Nxe6
36.Bxe6+ Kh7 37.Qf5+ Kh8 38.Qh5+ {#r} 1-0

[Event "Ch URS (qual)"]
[Site "masterchessopen.com – Uzhgorod (Ukraine)"]
[Round "0"]
[White "Efimov Igor (MNC)"]
[Black "Mihalcisin Adrian (SLO)"]
[Result "0-1"]
[WhiteElo "2430"]
[BlackElo "2480"]

1.d4 Nf6 2.c4 g6 3.Nc3 d5 4.Qb3 dxc4 5.Qxc4 Bg7 6.Bf4 Na6 7.e4 O-O 8.Rd1 c5
9.d5 Qb6 10.Rd2 e6 11.d6 e5 12.Bxe5 Nxe4 13.Qxe4 Bf5 14.Qh4 Bxe5 15.Nd5 Rae8
16.Ne7+ Kg7 17.Nxf5+ gxf5 18.Be2 Qb4 19.Qg5+ Kh8 20.Nh3 f6 21.Qxf5 Bxb2 22.a3
Qa5 23.d7 Rd8 24.Nf4 Bc1 25.O-O Qxd2 26.Bd3 Rf7 27.Ne6 Rdxd7 28.Bc4 Qc3 29.Bb5
Rde7 30.Nd8 Rf8 31.Ne6 Rff7 32.Nd8 Rf8 33.Ne6 Rg8 34.Nf4 Bxf4 35.Qxf4 Qe5
36.Qh4 Qg5 37.Qh3 Qg4 38.Qxg4 Rxg4 39.Rd1 Rd4 40.Rc1 Nc7 41.Bf1 b6 42.Rc4 Kg7
{#R} 0-1

[Event "It (open) \"]
[Site "masterchessopen.com – Berlin (Germany)"]
[Round "0"]
[White "Stickler Andreas (GER)"]
[Black "Kindermann Stefan (AUT)"]
[Result "0-1"]
[WhiteElo "2260"]
[BlackElo "2519"]

1.d4 Nf6 2.c4 g6 3.Nc3 d5 4.Qb3 dxc4 5.Qxc4 Be6 6.Qb5+ Bd7 7.Qb3 Bg7 8.e4 c5
9.d5 Qb6 10.Qxb6 axb6 11.Nf3 Na6 12.Bg5 O-O 13.Be2 b5 14.Bxf6 Bxf6 15.e5 Bg7
16.O-O b4 17.Ne4 b5 18.a4 bxa3 19.Rxa3 c4 20.b3 Bf5 21.Ng3 Bc2 22.Nd4 cxb3
23.Nxb3 b4 24.Rxa6 Rxa6 25.Bxa6 Bxb3 26.Rb1 Bxd5 27.Rxb4 Bxe5 28.Rb5 e6 29.Nf1
Ra8 30.Ra5 Bg7 31.Ra4 Bc6 {#R} 0-1

[Event "Olympiad"]
[Site "masterchessopen.com – Novi Sad (Yugoslavia)"]
[Round "0"]
[White "Barakat Rafic (LIB)"]
[Black "Rahman Yehya (EGY)"]
[Result "1-0"]
[WhiteElo "2046"]
[BlackElo "2285"]

1.d4 Nf6 2.c4 g6 3.Nc3 d5 4.Qb3 dxc4 5.Qxc4 Bg7 6.Bf4 c6 7.e4 O-O 8.Be2 Nbd7
9.Nf3 Nb6 10.Qd3 Be6 11.b3 a5 12.Ng5 Bc8 13.a4 h6 14.Nf3 Nbd7 15.Rc1 b5
16.axb5 cxb5 17.Nxb5 Ba6 18.Bc7 Qe8 19.O-O Rc8 20.Qc2 Nb6 21.Nd6 Rxc7 22.Qxc7
exd6 23.Bxa6 Nbd7 24.Bb5 Qb8 25.Bxd7 Qxb3 26.Bc6 Qe6 27.Qxa5 Nh5 28.Bd5 Qf6
29.e5 Qf5 30.exd6 Nf4 31.Rc5 Qg4 32.Ne1 Bxd4 33.Bf3 Qe6 34.Rc6 Re8 35.Qd2 Qe5
36.d7 Rd8 37.Rc8 Bb6 38.Nd3 Qd6 39.Qxf4 Qxd3 40.Rxd8+ Bxd8 41.Qb8 {#r} 1-0

[Event "Ch Austria"]
[Site "masterchessopen.com – Austria"]
[Round "6"]
[White "Kummer Helmut (AUT)"]
[Black "Weinzettl Ernst (AUT)"]
[Result "0-1"]
[WhiteElo "2370"]
[BlackElo "2299"]

1.d4 Nf6 2.c4 g6 3.Nc3 d5 4.Qb3 dxc4 5.Qxc4 Bg7 6.e4 O-O 7.Bf4 c5 8.d5 e6
9.Be2 Re8 10.Nf3 exd5 11.exd5 b6 12.Bxb8 Rxb8 13.O-O a6 14.Rfe1 Qd6 15.a4 Bb7
16.Rad1 Rbd8 17.Qh4 h6 18.Bc4 Rxe1+ 19.Rxe1 g5 20.Qg3 Qxg3 21.hxg3 Ne8 22.Bf1
Kf8 23.Ne5 Nc7 24.Bc4 Nxd5 25.Nxd5 Bxd5 26.Bxa6 Bb3 27.Bb5 Bxe5 28.Rxe5 Rd1+
29.Kh2 Rd2 30.Re8+ Kg7 31.a5 bxa5 32.Ra8 Rxb2 33.Rxa5 Ra2 34.Rxa2 Bxa2 35.Kg1
Kf6 36.Kf1 Ke5 37.Ke2 Kd4 38.Kd2 Bd5 39.f3 c4 40.Bd7 c3+ 41.Kc2 Be6 42.Bc6
Bf5+ 43.Kb3 Kd3 {#R} 0-1

[Event "It (sheveningen)"]
[Site "masterchessopen.com – Chania (Greece)"]
[Round "0"]
[White "Konstandinidis Hristos (GRE)"]
[Black "Zahariev Zahari (BUL)"]
[Result "0-1"]
[WhiteElo "2079"]
[BlackElo "2398"]

1.d4 Nf6 2.c4 g6 3.Nc3 d5 4.Qb3 dxc4 5.Qxc4 Nbd7 6.Nf3 Nb6 7.Qb3 Bg7 8.e4 O-O
9.Be3 Ng4 10.O-O-O Nxe3 11.fxe3 c6 12.Kb1 a5 13.d5 a4 14.Qb4 a3 15.b3 Bg4
16.Be2 c5 17.Qxc5 Rc8 18.Qxa3 Rxc3 19.d6 exd6 20.Rxd6 Qe7 {#R} 0-1

[Event "Ch France (team)"]
[Site "masterchessopen.com – France"]
[Round "0"]
[White "Eliet Nicolas (FRA)"]
[Black "Spiridonov Nikola (BUL)"]
[Result "0-1"]
[WhiteElo "2410"]
[BlackElo "2239"]

1.d4 Nf6 2.c4 g6 3.Nc3 d5 4.Qb3 dxc4 5.Qxc4 Bg7 6.e4 O-O 7.Bf4 Na6 8.Rd1 c5
9.d5 Qb6 10.Rd2 e6 11.Be2 exd5 12.exd5 Re8 13.Nf3 Bf5 14.Be5 Bh6 15.Rd1 Ng4
16.Bg3 Qxb2 17.h3 Nf6 18.O-O Ne4 19.Na4 Qb4 20.Bh2 Bd7 21.Qxb4 Nxb4 22.Nb2 Nc3
23.Bc4 b5 24.Ne5 Rxe5 25.Bxe5 Nxd1 26.Rxd1 bxc4 27.Nxc4 Bb5 28.Nd6 Nd3 29.Bc3
Ba6 30.Ne4 f5 31.Nf6+ Kf7 32.Nd7 Rd8 33.Ne5+ Nxe5 34.Bxe5 {#R} 0-1

[Event "Czech League 1994/95 (2nd) (b)"]
[Site "masterchessopen.com – Czech Republic"]
[Round "5"]
[White "Kalista Karel (CZE)"]
[Black "Krejcik Jiri (CZE)"]
[Result "1-0"]
[WhiteElo "1899"]
[BlackElo "2124"]

1.d4 Nf6 2.c4 g6 3.Nc3 d5 4.Qb3 c6 5.cxd5 cxd5 6.Bf4 a6 7.Nf3 Nc6 8.e3 Na5
9.Qc2 Bf5 10.Bd3 Bxd3 11.Qxd3 Nc4 12.Qe2 Qa5 13.O-O Qb4 14.e4 Qxb2 15.Qxb2
Nxb2 16.Nxd5 Nxd5 17.exd5 Nc4 18.Rac1 b5 19.Rfe1 Nb6 20.d6 e6 21.Be5 Rg8
22.Ng5 h6 23.Ne4 Bg7 24.Rc6 Nd7 25.Bxg7 Rxg7 26.Nc5 a5 27.Rc7 Rd8 28.Nb7 Ra8
29.Rec1 Nb6 30.R1c6 Ra6 31.Rxb6 {#r} 1-0

[Event "Ch Schleswig Holstein (M)"]
[Site "masterchessopen.com – Schleswig Holstein (Germany)"]
[Round "0"]
[White "Hagenstein Frank (GER)"]
[Black "Sislian Hanno (GER)"]
[Result "1-0"]
[WhiteElo "2204"]
[BlackElo "2252"]

1.d4 Nf6 2.c4 g6 3.Nc3 d5 4.Qb3 dxc4 5.Qxc4 Be6 6.Qb5+ Nc6 7.Nf3 Bd7 8.Qb3 Bg7
9.e4 O-O 10.h3 b6 11.Be3 Na5 12.Qa3 e6 13.b4 Nc6 14.Qb2 Qe7 15.b5 Na5 16.Be2
c5 17.Qa3 Rfe8 18.e5 Nd5 19.Bg5 f6 20.Bh4 Nxc3 21.Qxc3 cxd4 22.exf6 dxc3
23.fxe7 h6 24.O-O-O Bc8 25.Rd8 Bb7 26.Rhd1 Bd5 27.Nd4 h5 28.Bg5 c2 29.Rd2 Bxa2
30.Rxa8 Rxa8 31.Kxc2 Rc8+ 32.Nc6 Nxc6 33.bxc6 Rxc6+ 34.Kd1 Bb3+ 35.Ke1 Kf7
36.Rd8 Rc1+ 37.Bxc1 {#r} 1-0

[Event "It (open)"]
[Site "masterchessopen.com – Asti (Italy)"]
[Round "2"]
[White "Arlandi Ennio (ITA)"]
[Black "Sarno Spartaco (ITA)"]
[Result "0-1"]
[WhiteElo "2455"]
[BlackElo "2405"]

1.d4 Nf6 2.c4 g6 3.Nc3 d5 4.Qb3 dxc4 5.Qxc4 Bg7 6.e4 O-O 7.Bf4 Na6 8.Rd1 c5
9.d5 Qb6 10.Qb5 e6 11.d6 Bd7 12.Qxb6 axb6 13.a3 Nb8 14.Be2 Nc6 15.e5 Nd5
16.Nxd5 exd5 17.Nf3 d4 18.Kd2 Rfe8 19.Rhe1 Nxe5 20.Nxe5 Bxe5 21.Bxe5 Rxe5
22.Bf3 Rxe1 23.Rxe1 Be6 24.d7 Kf8 25.Bxb7 Rd8 26.Bc6 Ke7 27.Bd5 Kxd7 28.Bxe6+
fxe6 29.Kd3 Kd6 30.f4 Rf8 31.g3 Rf5 32.Kc4 e5 33.fxe5+ Rxe5 34.Rf1 Rf5 35.Rb1
Kc6 36.a4 Rf2 37.g4 Rc2+ 38.Kd3 Rxh2 39.a5 Kd5 {#R} 0-1

[Event "n) (b"]
[Site "masterchessopen.com – Finkenstein (Austria)"]
[Round "3"]
[White "Papenkordt Karl-Hermann (GER)"]
[Black "Feichter Clemens (AUT)"]
[Result "1-0"]
[WhiteElo "1929"]
[BlackElo "2078"]

1.d4 g6 2.c4 Nf6 3.Nc3 d5 4.Qb3 dxc4 5.Qxc4 a6 6.Bf4 c6 7.e4 b5 8.Qd3 Bg7
9.Nf3 O-O 10.g3 Nbd7 11.Bg2 Nh5 12.Be3 Bb7 13.O-O Rc8 14.Rac1 f5 15.exf5 gxf5
16.Ng5 Rf6 17.Qd1 h6 18.Qb3+ Kh8 19.Nf7+ Rxf7 20.Qxf7 Nhf6 21.Qe6 {#r} 1-0

[Event "Ch Azerbaijan"]
[Site "masterchessopen.com – Baku (Azerbaijan)"]
[Round "0"]
[White "Guseinov Aidyn (AZE)"]
[Black "Bagirov Rufat (AZE)"]
[Result "1-0"]
[WhiteElo "2430"]
[BlackElo "2285"]

1.d4 Nf6 2.c4 g6 3.Nc3 d5 4.Qb3 dxc4 5.Qxc4 Be6 6.Qa4+ Nc6 7.Nf3 Bg7 8.e4 Bd7
9.Qa3 a5 10.d5 Nb4 11.Qb3 e6 12.a3 Na6 13.dxe6 Bxe6 14.Qxb7 O-O 15.Bxa6 Rb8
16.Qa7 Ra8 17.Qc5 Rxa6 18.O-O Qa8 19.Re1 Rc6 20.Qe3 Ng4 21.Qf4 Qa7 22.Qg3 Rxc3
23.bxc3 Bxc3 24.Bd2 Bxa1 25.Rxa1 Qc5 26.h3 Nf6 27.Qh4 Nh5 28.g4 Ng7 29.Qf6 Ne8
30.Qd4 Qxd4 31.Nxd4 Nd6 32.Bxa5 c5 33.Nxe6 fxe6 34.Be1 Nxe4 35.Kg2 Kf7 36.f3
Nd6 37.a4 e5 38.Bf2 Rc8 39.a5 c4 40.a6 c3 41.a7 c2 42.Rc1 Nb5 43.Kf1 Ke6
44.Ke1 g5 45.Kd2 Na3 46.Bc5 Nc4+ 47.Kd3 Na5 48.Rxc2 Nc6 49.Ra2 Ra8 50.Ke4 {#r}
1-0

[Event "It (b)"]
[Site "masterchessopen.com – Budapest (Hungary)"]
[Round "4"]
[White "Dobos Jozsef (HUN)"]
[Black "Ladanyi Tibor (HUN)"]
[Result "1-0"]
[WhiteElo "2355"]
[BlackElo "2110"]

1.d4 Nf6 2.c4 g6 3.Nc3 d5 4.Qb3 dxc4 5.Qxc4 Be6 6.Qb5+ Bd7 7.Qxb7 Nc6 8.e3 Rb8
9.Qa6 Nb4 10.Qe2 Bg7 11.Nf3 c5 12.a3 Qa5 13.Qd2 cxd4 14.Nxd4 Nc6 15.Be2 O-O
16.O-O Rfd8 17.b4 Qg5 18.f4 Qh6 19.Bb2 Nxd4 20.exd4 Bf5 21.Nb5 e5 22.Nxa7 Ne4
23.Qe1 exd4 24.Nc6 d3 25.Bxg7 Qxg7 26.Bxd3 Rxd3 27.Nxb8 Qd4+ 28.Kh1 Rd2 29.Nc6
Qb6 30.Ne7+ Kf8 31.Nxf5 gxf5 32.Qh4 Qd4 33.Rac1 Nf2+ 34.Rxf2 Rd1+ 35.Rf1 {#r}
1-0

[Event "It"]
[Site "masterchessopen.com – Loures (Portugal)"]
[Round "2"]
[White "Pinho Paulo (POR)"]
[Black "Costa Fernando J M (POR)"]
[Result "1-0"]
[WhiteElo "2135"]
[BlackElo "2175"]

1.d4 Nf6 2.c4 g6 3.Nc3 d5 4.Qb3 dxc4 5.Qxc4 Be6 6.Qb5+ Bd7 7.Qb3 Nc6 8.Nf3 Bg7
9.e4 O-O 10.e5 Ne8 11.h3 a5 12.Be2 a4 13.Qd1 f6 14.e6 Bc8 15.d5 Nb8 16.Nxa4 c6
17.O-O cxd5 18.Qb3 Bxe6 19.Nc5 Bc8 20.Rd1 e6 21.Bf4 Qe7 22.Rac1 Ra5 23.Nxe6
Bxe6 24.Bxb8 Bf7 25.Nd4 f5 26.Bf3 Rc5 27.Qb4 Rxc1 28.Qxe7 Rxd1+ 29.Bxd1 Bxd4
30.Qxb7 Nf6 31.Qb4 Bc5 32.Qxc5 Rxb8 33.Qd4 Kg7 34.b4 Re8 35.f3 Rc8 36.Bb3 g5
37.b5 Kg6 38.b6 g4 39.Kh2 h5 40.Kg3 h4+ 41.Kxh4 f4 42.Bc2+ Kg7 43.Kg5 {#r} 1-0

[Event "Ch Slovakia (team) 1996/97 (3 liga) (a)"]
[Site "masterchessopen.com – Slovakia"]
[Round "10"]
[White "Dorica Igor (SVK)"]
[Black "Hecko Dusan (SVK)"]
[Result "1-0"]
[WhiteElo "2233"]
[BlackElo "2123"]

1.d4 Nf6 2.c4 g6 3.Nc3 d5 4.Qb3 c6 5.cxd5 Nxd5 6.e4 Nxc3 7.bxc3 Bg7 8.Nf3 O-O
9.Be2 Nd7 10.e5 Nb6 11.O-O Bg4 12.h3 Bxf3 13.Bxf3 Qd7 14.Rb1 Rab8 15.Re1 Nd5
16.c4 Nc7 17.d5 cxd5 18.cxd5 b6 19.Bf4 e6 20.d6 Na6 21.Rec1 Rbc8 22.Be2 Nc5
23.Qb4 f6 24.exf6 Bxf6 25.Rd1 Qa4 26.Bb5 Qxb4 27.Rxb4 e5 28.Be3 Rfd8 29.a4 Be7
30.Bxc5 bxc5 31.Bc4+ Kh8 32.Rb7 Bxd6 33.Rxa7 Bc7 34.Rxd8+ Bxd8 35.a5 Bc7 36.a6
Kg7 37.Be6 {#r} 1-0

[Event "It (open)"]
[Site "masterchessopen.com – Biel (Switzerland)"]
[Round "10"]
[White "Barbero Gerardo F (ARG)"]
[Black "Zollbrecht Josef (GER)"]
[Result "0-1"]
[WhiteElo "2415"]
[BlackElo "2310"]

1.d4 Nf6 2.c4 g6 3.Nc3 d5 4.Qb3 dxc4 5.Qxc4 a6 6.Bf4 c6 7.Nf3 b5 8.Qb3 Bg7
9.e4 O-O 10.Be2 Qa5 11.e5 Be6 12.Qd1 Ne4 13.Qc1 c5 14.O-O Nxc3 15.bxc3 cxd4
16.Nxd4 Bd5 17.Rd1 e6 18.Bf3 Bxf3 19.Nxf3 Nc6 20.Bh6 Rfd8 21.Qf4 Bh8 22.Re1
Rd5 23.g4 Qc7 24.c4 Rc5 25.cxb5 axb5 26.Rac1 Rxc1 27.Rxc1 Ra4 28.Qg3 Rc4
29.Re1 Qa5 30.Re2 Qa4 31.h3 Rc3 32.Rd2 Qe4 33.Be3 Bxe5 {#R} 0-1

[Event "Cup Independence (open)"]
[Site "masterchessopen.com – Kiev (Ukraine)"]
[Round "10"]
[White "Zakharchenko Arnold (UKR)"]
[Black "Demkovich Anatoliy (UKR)"]
[Result "1-0"]
[WhiteElo "2310"]
[BlackElo "2320"]

1.d4 Nf6 2.c4 g6 3.Nc3 d5 4.Qb3 dxc4 5.Qxc4 Bg7 6.e4 O-O 7.Be2 Nfd7 8.Be3 Nb6
9.Qc5 e5 10.d5 f5 11.O-O-O N8d7 12.Qa5 fxe4 13.Nxe4 Nf6 14.Bg5 Bf5 15.Nc3 Ne4
16.Bxd8 Bh6+ 17.Kb1 Nxc3+ {#r} 1-0

[Event "It (young masters)"]
[Site "masterchessopen.com – Loures (Portugal)"]
[Round "8"]
[White "Pinho Paulo (POR)"]
[Black "Costa Fernando J M (POR)"]
[Result "0-1"]
[WhiteElo "2150"]
[BlackElo "2115"]

1.d4 Nf6 2.c4 g6 3.Nc3 d5 4.Qb3 dxc4 5.Qxc4 Bg7 6.Bf4 c6 7.e4 Qa5 8.e5 b5
9.Qd3 Nd5 10.Bd2 Qd8 11.Ne4 O-O 12.Nf3 Bf5 13.Be2 a5 14.a3 Na6 15.Rc1 Rc8
16.Be3 Qb6 17.O-O Nac7 18.Nfd2 Rfd8 19.Qb3 a4 20.Qc2 Nxe3 21.fxe3 Nd5 22.Qd3
Bxe5 23.Rxf5 gxf5 24.Nf2 Bg7 25.Qxf5 Nxe3 26.Qh5 Qxd4 27.Nde4 h6 28.Bd3 Rd5
29.Qh3 f5 30.Nc3 Rc5 31.Re1 Ng4 32.Rf1 e6 33.Bb1 Re5 34.Qh4 Bf6 35.Qg3 Re3
{#R} 0-1

[Event "Memorial Balazs (open)"]
[Site "masterchessopen.com – Salgotarjan (Hungary)"]
[Round "7"]
[White "Kukel Imre (SVK)"]
[Black "Daroczy Sandor (HUN)"]
[Result "1-0"]
[WhiteElo "2305"]
[BlackElo "1961"]

1.d4 Nf6 2.c4 g6 3.Nc3 d5 4.Qb3 dxc4 5.Qxc4 Bg7 6.Bf4 c6 7.e3 O-O 8.Nf3 Be6
9.Qb4 Qc8 10.Qxe7 Nbd7 11.Be2 Re8 12.Qd6 b5 13.O-O a5 14.Ne5 Nxe5 15.Bxe5 Ra7
16.Bxf6 Bxf6 17.Qf4 Bg7 18.Ne4 Rd8 19.Rfc1 Bd5 20.Nf6+ Bxf6 21.Qxf6 Qb8 22.Rc5
Rad7 23.Rac1 Qb7 24.Bf3 Rd6 25.Qf4 Kg7 26.Bxd5 cxd5 27.Rc7 {#r} 1-0

[Event "It (open) \"]
[Site "masterchessopen.com – Budapest (Hungary)"]
[Round "3"]
[White "Zhygan Alexander (UKR)"]
[Black "Meiser Markus (GER)"]
[Result "0-1"]
[WhiteElo "2071"]
[BlackElo "2222"]

1.d4 Nf6 2.c4 g6 3.Nc3 d5 4.Qb3 dxc4 5.Qxc4 Be6 6.Qd3 Bg7 7.g3 Nc6 8.e3 O-O
9.Nf3 Nb4 10.Qe2 Bg4 11.Bg2 e5 12.h3 exd4 13.exd4 Bf5 14.O-O Bd3 15.Qd1 Bxf1
16.Kxf1 Nbd5 17.Bg5 h6 18.Nxd5 Qxd5 19.Ne5 Qb5+ 20.Kg1 hxg5 21.Qc2 Rad8 22.Bf1
Qb6 23.Nf3 g4 24.hxg4 Nxg4 25.Bh3 Nxf2 26.Kxf2 Bxd4+ 27.Nxd4 Rxd4 28.Kg2 Rfd8
29.Kh1 Rd2 30.Qb3 Qf2 {#R} 0-1

[Event "Tournament"]
[Site "masterchessopen.com – Buenos Aires (Argentina)"]
[Round "3"]
[White "Schuster Carlos (ARG)"]
[Black "Lo Presti Roberto (ARG)"]
[Result "1-0"]
[WhiteElo "2274"]
[BlackElo "2084"]

1.d4 Nf6 2.c4 g6 3.Nc3 d5 4.Qb3 dxc4 5.Qxc4 Bg7 6.e4 O-O 7.e5 Nfd7 8.Nf3 Nb6
9.Qc5 c6 10.Be2 Be6 11.Ng5 Bf5 12.g4 Bc8 13.h4 h6 14.Nge4 f5 15.gxf5 gxf5
16.Ng3 Be6 17.Nh5 N8d7 18.Qa3 Rf7 19.Rg1 Kh7 20.Nf4 Nf8 21.Bh5 Qxd4 22.Nxe6
Nxe6 23.Bxf7 Qxe5+ 24.Kf1 Nd4 25.Rb1 Rd8 26.Qxa7 Nf3 27.Rh1 Nh2+ 28.Kg2 Qd4
29.f4 Ng4 30.Rf1 Ne3+ 31.Bxe3 Qxe3 32.Rf3 Qd2+ 33.Rf2 Qe3 34.h5 Rd2 35.Bg6+
Kg8 36.Qb8+ Bf8 37.Rf1 Nd5 38.Nxd5 cxd5 39.Qe8 {#r} 1-0

[Event "It (open) \"]
[Site "masterchessopen.com – Techirghiol (Romania)"]
[Round "0"]
[White "Tutulan Mihaela (ROM)"]
[Black "Conea Adrian Ovidiu (ROM)"]
[Result "0-1"]
[WhiteElo "2047"]
[BlackElo "2175"]

1.d4 Nf6 2.c4 g6 3.Nc3 d5 4.Qb3 dxc4 5.Qxc4 Bg7 6.e4 O-O 7.e5 Nfd7 8.Nf3 Nb6
9.Qb3 Be6 10.Qa3 Nc6 11.Be3 Bg4 12.O-O-O e6 13.Be2 Qe7 14.Qb3 Qb4 15.Qc2 Bf5
16.Qd2 Rfd8 17.Bg5 Rd7 18.Bf6 Na4 19.a3 Na5 20.Rde1 Nb3+ 21.Kd1 Qa5 {#R} 0-1